| 000 | 00619nam a22001817a 4500 | ||
|---|---|---|---|
| 005 | 20241113111232.0 | ||
| 008 | 241016b |||||||| |||| 00| 0 eng d | ||
| 020 | _a9786214183760 | ||
| 082 | _aDFil 363.258 D440 2025 | ||
| 100 |
_aDepayso, Veneranda P. _940568 |
||
| 245 |
_aThe basics of fingerprint with laboratory activities / _cVeneranda Poschor-Depayso. |
||
| 250 | _aThird edition. | ||
| 260 |
_aQuezon City : _bWiseman's Books Trading, Inc., _c©2025. |
||
| 300 |
_avi, 217 pages : _billustrations ; _c22 cm. |
||
| 500 | _aIncludes glossary and index. | ||
| 650 | 0 |
_aFingerprints. _964068 |
|
| 942 |
_2ddc _cDFIL |
||
| 999 |
_c22579 _d22579 |
||